000 00515nam a22001691a 4500
001 18808
003 OSt
005 20260204212422.0
008 180904s2011||||ck ||||||b||||||||||spa||
020 _a9789588564074
082 _a690.5 C758v
245 _aConstrucción de vivienda con sistemas industrializados de muros en concreto: sistema túnel-sistema manoportable/Fernando Mayagoitia...[et al.]
264 _aBogotá:Asocreto
300 _a109 p.
650 _aConstrucción de viviendasÌ
942 _2ddc
_cBK
999 _c18808
_d18808